Znana budowla, którą łatwo rozpoznać po charakterystycznym kształcie - Statystyki

Ogólne statystyki
  • Ten quiz został rozwiązany 12 razy
  • Średni wynik to 2 z 5
Statystyki odpowiedzi
Hint Odpowiedź % Poprawnych
4. Wieża Eiffla
83%
1. Krzywa wieża
58%
5. Pałac Kultury i Nauki.
42%
2. Opera w Sydney
33%
3. Biały Dom
8%
Nie znaleziono quizów pasujących do podanych kryteriów
Rozkład punktacji
Procent ludzi z każdym wynikiem
Percentyl według liczby udzielonych odpowiedzi
Twoja historia wyników
Nie rozwiązałeś tego quizu